V dotyku s Pavlom Straussom (2003-2004)

Podrobná bibliografia
Hlavný autor: Rybák, Július, 1933-2021 (Autor)
Médium: Článok
Jazyk:slovenčina
Predmet:
On-line prístup:http://www.pavolstrauss.sk/sites/default/files/letter-pdfs/Listy%20PS2.pdf

MARC

LEADER 00000nab a2200000 ar4500
001 vtls010433050
003 SK-MaSNL
005 20260303093202.0
008 120628|2005 xo |r||||||||||00 b|slo
015 |a SNBRB2012/07  |2 snkbucl 
038 |a SNKBUCL 
040 |a SNKBUCL  |b slo  |e AACR2  |c SNKBUCL 
041 0 |a slo 
044 |a xo  |c SK 
080 |a 821.162.4-051  |2 2001 
080 |a 929 Strauss, Pavol  |2 2001 
100 1 |a Rybák, Július,  |d 1933-2021  |4 aut  |9 102379 
245 1 0 |a V dotyku s Pavlom Straussom (2003-2004)  |c Július Rybák 
500 |a Úryvky z knihy J. Rybáka Z prechádzok do gelnického okolia II 
600 1 7 |a Strauss, Pavol,  |d 1912-1994  |2 snknba  |9 93225 
650 0 7 |a spomienky  |2 snknba  |9 55795 
655 7 |a úvahy  |2 snknba  |9 29403 
773 0 |t Listy PS  |g Č. 2 (2005), s. 17-18 
852 |a SNK  |b KIS3GCP 
856 4 1 |u http://www.pavolstrauss.sk/sites/default/files/letter-pdfs/Listy%20PS2.pdf 
958 |a LX 
958 |a BX 
999 |c 1814463  |d 1816393